| Tag |
First Indicator |
Second Indicator |
Subfields |
| LEADER |
00000pam a2200000 i 4500 |
| 001 |
in00000082692 |
| 005 |
20151008053105.0 |
| 008 |
790913c19801979nyu b 00100 eng |
| 010 |
|
|
|a 79021903
|
| 020 |
|
|
|a 0312418930
|
| 035 |
|
|
|a (OCoLC)05447514
|
| 035 |
|
|
|9 AAH6166AM
|
| 040 |
|
|
|a DLC
|c DLC
|d TXA
|d UtOrBLW
|
| 043 |
|
|
|a e------
|
| 049 |
|
|
|a TXAM
|c [1160031]
|
| 050 |
0 |
0 |
|a D387
|b .I57 1980
|
| 082 |
0 |
|
|a 940.2/84
|
| 245 |
0 |
0 |
|a Intellectuals and revolution :
|b socialism and the experience of 1848 /
|c edited by Eugene Kamenka and F. B. Smith.
|
| 264 |
|
1 |
|a New York :
|b St. Martin's Press,
|c 1980
|
| 264 |
|
4 |
|c ©1979
|
| 300 |
|
|
|a viii, 165 pages ;
|c 23 cm.
|
| 336 |
|
|
|a text
|b txt
|2 rdacontent
|
| 337 |
|
|
|a unmediated
|b n
|2 rdamedia
|
| 338 |
|
|
|a volume
|b nc
|2 rdacarrier
|
| 490 |
1 |
|
|a Ideas and ideologies
|
| 500 |
|
|
|a Includes index.
|
| 504 |
|
|
|a Bibliography: pages [149]-150.
|
| 650 |
|
0 |
|a Socialism
|z Europe
|x History.
|
| 651 |
|
0 |
|a Europe
|x History
|y 1848-1849.
|
| 700 |
1 |
|
|a Kamenka, Eugene.
|
| 700 |
1 |
|
|a Smith, F. B.
|q (Francis Barrymore),
|d 1932-
|
| 830 |
|
0 |
|a Ideas and ideologies.
|
| 999 |
|
|
|a MARS
|
| 999 |
f |
f |
|s c48397c1-7090-328f-ad40-3aaa126550f2
|i aed25e73-da0f-3857-80a5-fecd2caf04c2
|t 0
|
| 952 |
f |
f |
|p ric
|a Texas A&M University
|b Rellis Campus
|c Joint Library Facility
|d Remote Storage
|t 0
|e D387 .I57 1980
|h Library of Congress classification
|i unmediated -- volume
|m A14801878322
|
| 998 |
f |
f |
|a D387 .I57 1980
|t 0
|l Remote Storage
|